Open Data Biblioteca Nacional de Portugal


República Portuguesa: Ministério da Cultura
Biblioteca Nacional de Portugal

Catálogo da BNP: acesso por Identificadores Unívocos
Registos Bibliográficos associados ao registo de autoridade

Etiqueta de registo: 00254nam 2200025 450
001 2284334
003 http://id.bnportugal.gov.pt/bib/catbnp/2284334
100 ## $a20260414d2025 k y0pory01030103ba
101 0# $aeng$dpor
102 ## $aPT
105 ## $aa m 000yy
106 ## $ar
200 1# $aUnraveling the immune dynamics and recovery in ICU Covid-19 patients$e the impact of vitamin D and innovative antibody-peptide therapy$fMiguel Gomes Cardoso$gsupervisores João Gonçalves, José Roberto Leite, Catarina Godinho Santos
210 #9 $aLisboa$c[s.n.],$d2025
215 ## $aXXXIV, 157 p.$cil.$d30 cm
328 #1 $aTese dout. Farmácia (Microbiologia), Faculdade de Farmácia, Universidade de Lisboa, 2025
700 #1 $aCardoso,$bMiguel Gomes$31995642
701 #1 $aLeite,$b José Roberto$4727$31995641
702 #1 $aSantos,$bCatarina Godinho$4727$31995640
702 #1 $96$aGonçalves,$bJoão$4727$3287803
801 #0 $aPT$bBN$gRPC
966 ## $lBN$mFGMON$x1
971 ## $ccsilva$d20260414

OpendataBNP@bnportugal.pt | Mais informação sobre acesso aos dados BNP